1174 1668 1263 1730 1926 1105 1253 1411 1099 1192 1956 1901 1439 1270 1709 1172 1078 1524 1662 1562 1938 1789 1774 1855 1708 1832 1104 1274 1521 1481 1438 1114 1494 1859 1893 1744 1087 1021 1732 1734 1924 1102 1299 1571 1921 1050 1706 1876 1803 1357 1154 1525 1634 1102 1423 1805 1403 1375 1284 1522 1999 1564 1737 1906 1174 1234 1363 1571 1307 1362 1511 1077 1074 1616 1399 1564 1711 1103 1569 1989 1271 1072 1983 1631 1316 1020 1159 1741 1551 1593 1495 1349 1285 1655 1462 1597 1866 1367 1312 BCNSPRNW ULIB Ver.6.0+V

เปลี่ยนเป็นภาษาไทย

Change to English
 แสดงรายละเอียดบรรณานุกรม
  กลับหน้าหลัก

Brief Record : Get Marc (ISO 2709) : E-mail record : QR code < ปิดหน้าต่าง
LEADER : 00000nam 2200000uu 4500
001    13399129090
003     ULIB
008    250716s2567||||th 000 0 tha d
020    ^a9786164263512
050  4 ^aRA440.85^bน595ก
100 0  ^aนิทรา กิจธีระวุฒิวงษ์.
245 1   ^aการวิจัยทางสาธารณสุข : จากหลักการสู่การปฏิบัติ =^bPublic health research : from principle to practice /^cนิทรา กิจธีระวุฒิวงษ์.
246 3   ^aPublic health research : from principle to practice
250    ^aพิมพ์ครั้งที่ 4.
260    ^aกรุงเทพฯ :^bสำนักพิมพ์มหาวิทยาลัยนเรศวร,^c2567.
300    ^aก-จ, 145 หน้า :
505 0  ^a^tบทที่ 1 ความรู้ทั่วไปเกี่ยวกับการวิจัย -- บทที่ 2. จริยธรรมและจรรยาบรรณในการวิจัย -- บทที่ 3. การกำหนดปัญหาการวิจัย -- บทที่ 4. การทบทวนวรรณกรรม -- บทที่ 5. วัตถุประสงค์การวิจัย -- บทที่ 6. สมมติฐานการวิจัย -- บทที่ 7. การกำหนดตัวแปร -- บทที่ 8. การสร้างกรอบแนวคิดในการวิจัย -- บทที่ 9. ประชากรและกลุ่มตัวอย่าง -- บทที่ 10. การวิจัยแบบไม่ทดลอง -- บทที่ 11. การวิจัยแบบทดลอง -- บทที่ 12. การพัฒนาเครื่องมือและการตรวจสอบคุณภาพเครื่องมือการวิจัย -- บทที่ 13. การเก็บรวบรวมข้อมูล -- บทที่ 14. การวิเคราะห์ข้อมูล -- บทที่ 15. การเขียนรายงานการวิจัย.
650  4 ^aการพยาบาล^xวิจัย.
650  4 ^aการแพทย์^xวิจัย.
650  4 ^aวิจัยเชิงปฏิบัติการ.
650  4 ^aวิจัยปฏิบัติการ.
650  4 ^aสาธารณสุข^xวิจัย.
945    ^p450^l0^i011828
945    ^p450^l0^i011829
945    ^p450^l0^i011830
999    ^aประนอม เกษจรัล
รายการนี้ยังไม่มีแท็ก
คุณยังไม่ได้ล็อกอิน คุณสามารถมีกิจกรรมร่วมกับเว็บไซต์ได้ แต่ต้องล็อกอินก่อน ::
  ล็อกอิน

รายการสื่อสารสนเทศ

ลำดับที่ ประเภท เลขเรียก/บาร์โค้ด สถานที่ สถานะ
1. การศึกษาทั่วไป
หนังสือสำรอง
สถานะ=หนังสือสำรอง
RA440.85 น595ก ฉ.1 
  Barcode: 011828
ห้องสมุดวิทยาเขตสวรรค์ประชารักษ์
►หนังสือทั่วไป
บนชั้น
2. การศึกษาทั่วไป
การศึกษาทั่วไป
RA440.85 น595ก ฉ.2 
  Barcode: 011829
ห้องสมุดวิทยาเขตสวรรค์ประชารักษ์
►หนังสือทั่วไป
บนชั้น
3. การศึกษาทั่วไป
การศึกษาทั่วไป
RA440.85 น595ก ฉ.3 
  Barcode: 011830
ห้องสมุดวิทยาเขตสวรรค์ประชารักษ์
►หนังสือทั่วไป
บนชั้น

รายการใกล้เคียง
    ผู้แต่ง [นิทรา กิจธีระวุฒิวงษ์.]

    หัวเรื่อง [วิจัยเชิงปฏิบัติการ.]
    หัวเรื่อง [วิจัยปฏิบัติการ.]
    หัวเรื่อง [สาธารณสุข วิจัย.]

BibComment


ยังไม่เคยถูกคอมเมนท์

คอมเมนท์ทรัพยากรรายการนี้
  คอมเมนท์: การวิจัยทางสาธา..


 Copyright 2026. Bcnsprnw @Library